[Event "NRW Class2 0405"]
[Site "Germany"]
[Date "2004.10.10"]
[Round "1.8"]
[White "Nikula, Reiner"]
[Black "Van Rijn, Wouter"]
[Result "1/2-1/2"]
[WhiteElo "2271"]
[BlackElo "2286"]
[PlyCount "51"]
[EventDate "2004.10.10"]
[EventType "team"]
[EventRounds "9"]
[EventCountry "GER"]
[SourceTitle "EXT 2006"]
[Source "ChessBase"]
[SourceDate "2005.11.24"]
[SourceVersion "1"]
[SourceVersionDate "2005.11.24"]
[SourceQuality "1"]
[WhiteTeam "Godesberg II"]
[BlackTeam "Plettenberg"]
[WhiteTeamCountry "GER"]
[BlackTeamCountry "GER"]

1. e4 c6 2. d4 d5 3. Nc3 dxe4 4. Nxe4 Bf5 5. Ng3 Bg6 6. Nf3 e6 7. h4 h6 8. Ne5 Bh7 9. Qh5 Qc7 10. Bc4 Nf6 11. Qe2 Bd6 12. Bg5 hxg5 13. hxg5 Bxe5 14. dxe5 Nd5 15. g6 fxg6 16. Qg4 Qxe5+ 17. Kf1 Nf6 18. Qh3 0-0 19. Re1 Qf4 20. Bxe6+ Kh8 21. Ne4 Qh6 22. Nxf6 Rxf6 23. Bc8 Nd7 24. Bxd7 Raf8 25. f3 g5 26. Kf2 1/2-1/2

[Event "Groningen Harmonie op-A"]
[Site "Groningen"]
[Date "2003.12.27"]
[Round "6"]
[White "Wustefeld, Emile"]
[Black "Van Rijn, Wouter"]
[Result "1/2-1/2"]
[WhiteElo "2338"]
[BlackElo "2252"]
[PlyCount "110"]
[EventDate "2003.12.21"]
[EventType "swiss"]
[EventRounds "9"]
[EventCountry "NED"]
[SourceTitle "CBM 097 Extra"]
[Source "ChessBase"]
[SourceDate "2004.01.13"]
[SourceVersion "1"]
[SourceVersionDate "2004.01.13"]
[SourceQuality "1"]

1. e4 e6 2. d4 d5 3. Nc3 Nf6 4. e5 Nfd7 5. f4 c5 6. Nf3 Nc6 7. Be3 Be7 8. Qd2 a6 9. dxc5 Nxc5 10. Qf2 Qa5 11. Qd2 b5 12. Bd3 Bb7 13. 0-0 Rb8 14. Qf2 b4 15. Ne2 0-0 16. Ned4 Nxd3 17. cxd3 Nxd4 18. Nxd4 g6 19. Qg3 Kh8 20. h4 Rg8 21. Qh3 h5 22. Bf2 Rbc8 23. Qe3 Kh7 24. Rfc1 Qb6 25. Nf3 Qxe3 26. Bxe3 d4 27. Bf2 Bxf3 28. gxf3 Rgd8 29. Kf1 Bf8 30. Ke2 Bh6 31. Bg3 f6 32. exf6 Kg8 33. Rc4 Rxc4 34. dxc4 d3+ 35. Kd2 e5 36. Re1 exf4 37. Bf2 Kf7 38. Re4 Kxf6 39. Bd4+ Kf7 40. Kxd3 g5 41. hxg5 Bxg5 42. Ke2 h4 43. Kf1 h3 44. Kg1 a5 45. c5 Bf6 46. Bxf6 Rd1+ 47. Kh2 Rd2+ 48. Kxh3 Kxf6 49. Rc4 Ke7 50. c6 Kd8 51. b3 Rxa2 52. Rc5 Kc7 53. Kg4 Ra3 54. Kxf4 Rxb3 55. Rxa5 Kxc6 1/2-1/2

[Event "Groningen Harmonie op-A"]
[Site "Groningen"]
[Date "2003.12.24"]
[Round "4"]
[White "Stavast, Dick"]
[Black "Van Rijn, Wouter"]
[Result "1-0"]
[WhiteElo "2065"]
[BlackElo "2252"]
[PlyCount "77"]
[EventDate "2003.12.21"]
[EventType "swiss"]
[EventRounds "9"]
[EventCountry "NED"]
[SourceTitle "CBM 097 Extra"]
[Source "ChessBase"]
[SourceDate "2004.01.13"]
[SourceVersion "1"]
[SourceVersionDate "2004.01.13"]
[SourceQuality "1"]

1. e4 h6 2. d4 e6 3. Nc3 d5 4. Nf3 Nf6 5. Bd3 c5 6. exd5 exd5 7. 0-0 c4 8. Re1+ Be7 9. Bf1 Bg4 10. h3 Bh5 11. g4 Bg6 12. Ne5 Bh7 13. b3 cxb3 14. Ba3 bxc2 15. Bb5+ Kf8 16. Qc1 Qc7 17. Bxe7+ Kxe7 18. Nc6+ Kd7 19. Re7+ Kc8 20. Rxc7+ Kxc7 21. Ne7 Nc6 22. Bxc6 bxc6 23. Nf5 h5 24. Qf4+ Kb6 25. Rc1 hxg4 26. Rxc2 Bxf5 27. Rb2+ Ka6 28. Qxf5 Rab8 29. Rxb8 Rxb8 30. hxg4 Re8 31. g5 Re1+ 32. Kg2 Ne4 33. Nxe4 Rxe4 34. f3 Re7 35. Qc8+ Kb5 36. a4+ Kc4 37. Qf8 Rb7 38. Qxg7 a5 39. Kg3 1-0

[Event "Arco op 25th"]
[Site "Arco"]
[Date "2003.10.23"]
[Round "6"]
[White "Vezzosi, Paolo"]
[Black "Van Rijn, Wouter"]
[Result "1/2-1/2"]
[WhiteElo "2371"]
[BlackElo "2252"]
[PlyCount "112"]
[EventDate "2003.10.18"]
[EventType "swiss"]
[EventRounds "9"]
[EventCountry "ITA"]
[SourceTitle "EXT 2004"]
[Source "ChessBase"]
[SourceDate "2003.11.25"]
[SourceVersion "1"]
[SourceVersionDate "2003.11.25"]
[SourceQuality "1"]

1. d4 h6 2. e4 e6 3. Be3 d5 4. e5 c5 5. c3 Nc6 6. Nf3 Qb6 7. Qd2 Bd7 8. dxc5 Bxc5 9. Bxc5 Qxc5 10. Na3 Nge7 11. Bd3 0-0 12. 0-0 f6 13. exf6 Rxf6 14. Rae1 Raf8 15. Nc2 Qd6 16. Qe3 Rxf3 17. gxf3 e5 18. Kh1 Nf5 19. Bxf5 Bxf5 20. Qd2 d4 21. Rg1 Qd5 22. Rg3 Bxc2 23. Qxc2 Rxf3 24. c4 Qf7 25. Reg1 g5 26. Kg2 d3 27. Rxf3 dxc2 28. Rxf7 Kxf7 29. Rc1 Nd4 30. f3 a5 31. Kf2 Ke6 32. Ke3 Kd6 33. h3 Kc5 34. Kd3 Kb4 35. Rh1 h5 36. Rc1 a4 37. Rf1 Nxf3 38. Kxc2 e4 39. Kd1 Kxc4 40. Ke2 Kd4 41. Rd1+ Ke5 42. Ke3 g4 43. hxg4 hxg4 44. Rd8 g3 45. Re8+ Kf5 46. Rg8 Ng5 47. b4 axb3 48. axb3 Kg4 49. b4 b5 50. Rg6 Kh5 51. Rb6 Nh3 52. Rxb5+ Kg6 53. Ra5 g2 54. Ra1 Kf5 55. b5 Ke5 56. b6 Kd6 1/2-1/2

[Event "Arco op 25th"]
[Site "Arco"]
[Date "2003.10.22"]
[Round "5"]
[White "Van Rijn, Wouter"]
[Black "Blagojevic, Dragisa"]
[Result "0-1"]
[WhiteElo "2252"]
[BlackElo "2521"]
[PlyCount "86"]
[EventDate "2003.10.18"]
[EventType "swiss"]
[EventRounds "9"]
[EventCountry "ITA"]
[SourceTitle "EXT 2004"]
[Source "ChessBase"]
[SourceDate "2003.11.25"]
[SourceVersion "1"]
[SourceVersionDate "2003.11.25"]
[SourceQuality "1"]

1. d4 Nf6 2. Nf3 d5 3. Bf4 c5 4. dxc5 e6 5. e3 Bxc5 6. Nbd2 Nc6 7. Nb3 Be7 8. Ne5 0-0 9. c3 Bd6 10. Nxc6 bxc6 11. Bxd6 Qxd6 12. Qd4 a5 13. Qc5 Qc7 14. Be2 a4 15. Nd4 Bd7 16. 0-0 a3 17. b4 Ne4 18. Qe7 Rfe8 19. Qh4 e5 20. Nb3 Nxc3 21. Bh5 Qd6 22. Rfc1 Na4 23. Na5 Reb8 24. Rab1 Nb2 25. Rc5 Nd3 26. Rc3 Rxb4 27. Rxb4 Qxb4 28. Qxb4 Nxb4 29. Rxa3 c5 30. Bf3 Kf8 31. h4 Ra7 32. Nc4 Rxa3 33. Nxa3 e4 34. Bd1 Nxa2 35. f3 f5 36. fxe4 Nc3 37. Bb3 fxe4 38. Kf2 Ba4 39. Bxa4 Nxa4 40. Nb5 Ke7 41. Nc7 Nc3 42. g4 Kd7 43. Na6 Na4 0-1